=LDR 00000nam 2200000 4500 =001 INLIS000000000059121 =005 20211025093508 =035 ##$$a 0010-1021000569 =007 ta =008 211025###########################0###### =082 ##$$a 324.598 65 =084 ##$$a 324.598 65 Ren r =245 1#$$a Rencana Strategis Komisi Pemilihan Umum Provinsi Nusa Tenggara Barat 2020 - 2024 =300 ##$$a viii, 107 Halaman : $b ilus ; $c 20 cm =600 #4$$a Pemilu NTB - Rencana Strategis =710 #$$a Nusa Tenggara Barat. Komisi Pemilihan Umum =264 ##$$a Mataram :$b Komisi Pemilihan Umum,$c 2020 =336 ##$$a Buku$2 rdacontent =337 ##$$a Teks$2 rdamedia =338 ##$$a lain-lain$2 rdacarrier =990 ##$$a 23692369 =990 ##$$a 23712371 =990 ##$$a 23722372 =990 ##$$a 171/50/2021 =990 ##$$a 3202102371 =990 ##$$a 3202102372 =990 ##$$a 171/50/2021 =990 ##$$a 171/50/2021 =990 ##$$a 3202102372 =990 ##$$a 171/50/2021 =990 ##$$a 171/50/2021 =990 ##$$a 171/50/2021